000 00890cad a22002175a 4500
001 L155746
008 120413e20120331xxk 000 0 eng d
035 _a(Sirsi) u155746
041 0 _aeng
110 2 _aLloyds TSB
_94126
245 0 0 _aHome affordability in UK cities hits nine year high
_h[electronic resource]
260 _c2012
490 _aLloyds TSB Press Release
_v31 March 2012
520 _aLloyds TSB Affordable Cities Review which tracks housing affordability in 59 cities across the UK reveals that home affordability for city dwellers is at its most favourable in nearly a decade,
590 _aKA
650 2 4 _aAFFORDABLE CITIES REVIEW
651 4 _aUNITED KINGDOM
690 _aResidential property
_96266
856 4 0 _uhttps://www.lloydsbankinggroup.com/media/pdfs/LTSB/2012/3103_home.pdf
_zView this item free of charge at www.lloydsbankinggroup.com
942 _n0
999 _c83914
_d83914